000 00639nam a2200241Ia 4500
001 dia_3860
003 CHAP
005 20251029152539.0
008 220117s1996 xx 000 0 und d
010 _a174467
040 _cCHAP
_amxchpua
090 _aFOLLETO 2596
100 _aMuria, José María
_979776
245 _aUna bebida llamada tequila /
_c por José María Muria
260 _aMéxico :
_b Agata,
_c1996
300 _a81 p.
500 _aS/c
650 _aTequila
_9112336
901 _aFOLLETO 2596
902 _aM
905 _a0000001996 mx A 0000000000spa00
942 _cFOLL
_2local
999 _c174467
_d174467